00532 2200181 4500001002100000008004100021035002000062245010600082100004300188250000600231260004200237300001100279084001400290082000800304650001400312990001200326990001200338INLIS000000000000617 ind  a0010-0424000593 aKumpulan Soal dan Pembahasan Olimpiade Sains Kebumian Jilid 1cLembaga Olimpiade Pendidikan Indonesia aLembaga Olimpiade Pendidikan Indonesia a1 aJakarta :bBina Prestasi Insanic2014 a140 hm a900 LEM k a900 aNon Fiksi a0722422 a0722423